<?xml version="1.0" encoding="UTF-8"?>
<record
    xmlns:xsi="http://www.w3.org/2001/XMLSchema-instance"
    xsi:schemaLocation="http://www.loc.gov/MARC21/slim http://www.loc.gov/standards/marcxml/schema/MARC21slim.xsd"
    xmlns="http://www.loc.gov/MARC21/slim">

  <leader>01160nam0a22003011  4500</leader>
  <controlfield tag="001">RU\NLR\INFOCOMM_18\5000670312</controlfield>
  <controlfield tag="005">20250613105852.0</controlfield>
  <datafield tag="035" ind1=" " ind2=" ">
    <subfield code="a">(NLR Aleph) 009539050</subfield>
  </datafield>
  <datafield tag="090" ind1=" " ind2=" ">
    <subfield code="a">8934452</subfield>
    <subfield code="c">8934452</subfield>
  </datafield>
  <datafield tag="100" ind1=" " ind2=" ">
    <subfield code="a">20110307d1980    |||y0rusy50      ca</subfield>
  </datafield>
  <datafield tag="101" ind1="1" ind2=" ">
    <subfield code="a">spa</subfield>
    <subfield code="c">rus</subfield>
  </datafield>
  <datafield tag="102" ind1=" " ind2=" ">
    <subfield code="a">RU</subfield>
  </datafield>
  <datafield tag="105" ind1=" " ind2=" ">
    <subfield code="a">y   ||||000|y</subfield>
  </datafield>
  <datafield tag="200" ind1="1" ind2=" ">
    <subfield code="a">Chile</subfield>
    <subfield code="e">"Legisla" el fascismo</subfield>
    <subfield code="e">[Trad. del ruso]</subfield>
    <subfield code="f">P&#xE1;vel Grish&#xE1;ev, Stanislav Chibiri&#xE1;ev</subfield>
  </datafield>
  <datafield tag="210" ind1=" " ind2=" ">
    <subfield code="a">M.</subfield>
    <subfield code="c">Progreso</subfield>
    <subfield code="d">1980</subfield>
  </datafield>
  <datafield tag="215" ind1=" " ind2=" ">
    <subfield code="a">278 &#x441;.</subfield>
    <subfield code="d">21 &#x441;&#x43C;</subfield>
  </datafield>
  <datafield tag="300" ind1=" " ind2=" ">
    <subfield code="a">&#x41D;&#x430; &#x43E;&#x431;&#x43E;&#x440;&#x43E;&#x442;&#x435; &#x442;&#x438;&#x442;. &#x43B;.: &#x427;&#x438;&#x43B;&#x438;: "&#x417;&#x430;&#x43A;&#x43E;&#x43D;&#x43E;&#x434;&#x430;&#x442;&#x435;&#x43B;&#x44C;&#x441;&#x442;&#x432;&#x443;&#x435;&#x442;" &#x444;&#x430;&#x448;&#x438;&#x437;&#x43C; / &#x41F;&#x430;&#x432;&#x435;&#x43B; &#x413;&#x440;&#x438;&#x448;&#x430;&#x435;&#x432;, &#x421;&#x442;&#x430;&#x43D;&#x438;&#x441;&#x43B;&#x430;&#x432; &#x427;&#x438;&#x431;&#x438;&#x440;&#x44F;&#x435;&#x432;</subfield>
  </datafield>
  <datafield tag="606" ind1=" " ind2=" ">
    <subfield code="a">&#x41F;&#x43E;&#x43B;&#x438;&#x442;&#x438;&#x447;&#x435;&#x441;&#x43A;&#x430;&#x44F; &#x440;&#x435;&#x430;&#x43A;&#x446;&#x438;&#x44F;</subfield>
    <subfield code="y">&#x427;&#x438;&#x43B;&#x438;</subfield>
    <subfield code="z">20 &#x432;.</subfield>
    <subfield code="2">nlr_sh1</subfield>
  </datafield>
  <datafield tag="686" ind1=" " ind2=" ">
    <subfield code="a">&#x422;3(7&#x427;&#x438;)63-49</subfield>
    <subfield code="2">rubbk</subfield>
  </datafield>
  <datafield tag="700" ind1=" " ind2="1">
    <subfield code="9">z03790</subfield>
    <subfield code="a">Gri&#x161;aev</subfield>
    <subfield code="b">P. I.</subfield>
    <subfield code="f">1918-</subfield>
    <subfield code="g">Pavel Ivanovi&#x10D;</subfield>
    <subfield code="4">070</subfield>
  </datafield>
  <datafield tag="701" ind1=" " ind2="1">
    <subfield code="9">z04790</subfield>
    <subfield code="a">&#x10C;ibirjaev</subfield>
    <subfield code="b">S. A.</subfield>
    <subfield code="f">1940-</subfield>
    <subfield code="g">Stanislav Archipovi&#x10D;</subfield>
    <subfield code="4">070</subfield>
  </datafield>
  <datafield tag="790" ind1=" " ind2="1">
    <subfield code="9">z03700</subfield>
    <subfield code="a">Grish&#xE1;ev</subfield>
    <subfield code="b">P.</subfield>
    <subfield code="g">P&#xE1;vel</subfield>
    <subfield code="4">070</subfield>
  </datafield>
  <datafield tag="790" ind1=" " ind2="1">
    <subfield code="9">z04701</subfield>
    <subfield code="a">Chibiri&#xE1;ev</subfield>
    <subfield code="b">S.</subfield>
    <subfield code="g">Stanislav</subfield>
    <subfield code="4">070</subfield>
  </datafield>
  <datafield tag="801" ind1=" " ind2="1">
    <subfield code="a">RU</subfield>
    <subfield code="b">NLR</subfield>
    <subfield code="c">20110307</subfield>
  </datafield>
  <datafield tag="801" ind1=" " ind2="0">
    <subfield code="a">RU</subfield>
    <subfield code="b">NLR</subfield>
    <subfield code="g">PSBO</subfield>
  </datafield>
  <datafield tag="852" ind1=" " ind2=" ">
    <subfield code="a">NLR</subfield>
    <subfield code="j">&#x418;97 &#x414;-3/396</subfield>
  </datafield>
  <datafield tag="942" ind1=" " ind2=" ">
    <subfield code="c">BOOK</subfield>
  </datafield>
  <datafield tag="980" ind1=" " ind2=" ">
    <subfield code="a">NB</subfield>
  </datafield>
  <datafield tag="995" ind1=" " ind2=" ">
    <subfield code="5">2013-10-26</subfield>
    <subfield code="b">NLR01</subfield>
    <subfield code="c">NLR01</subfield>
    <subfield code="e">IF</subfield>
    <subfield code="f">9539050-10</subfield>
    <subfield code="k">&#x418;97 &#x414;-3/396</subfield>
    <subfield code="o">0</subfield>
    <subfield code="r">BOOK</subfield>
    <subfield code="s">97_3396</subfield>
  </datafield>
</record>
